<?xml version="1.0" encoding="UTF-8"?>
<record
    xmlns:xsi="http://www.w3.org/2001/XMLSchema-instance"
    xsi:schemaLocation="http://www.loc.gov/MARC21/slim http://www.loc.gov/standards/marcxml/schema/MARC21slim.xsd"
    xmlns="http://www.loc.gov/MARC21/slim">

  <leader>01298    a2200241   4500</leader>
  <controlfield tag="005">20080908120514.0</controlfield>
  <controlfield tag="008">080908t        xxu||||| |||| 00| 0 hin d</controlfield>
  <datafield tag="010" ind1=" " ind2=" ">
    <subfield code="a">HIN-79150</subfield>
  </datafield>
  <datafield tag="020" ind1=" " ind2=" ">
    <subfield code="c">99.00</subfield>
    <subfield code="a">8183331408</subfield>
  </datafield>
  <datafield tag="035" ind1=" " ind2=" ">
    <subfield code="a">HN-51497</subfield>
  </datafield>
  <datafield tag="037" ind1=" " ind2=" ">
    <subfield code="b">D.B.Act / pub</subfield>
  </datafield>
  <datafield tag="082" ind1=" " ind2=" ">
    <subfield code="a">621.384560288</subfield>
  </datafield>
  <datafield tag="245" ind1=" " ind2=" ">
    <subfield code="a">&#x92E;&#x93E;&#x901;&#x921;&#x930;&#x94D;&#x928; &#x91C;&#x940;.&#x90F;&#x938;.&#x90F;&#x92E;. &#x92E;&#x94B;&#x92C;&#x93E;&#x908;&#x932; &#x92B;&#x94B;&#x928; &#x92A;&#x94D;&#x930;&#x947;&#x915;&#x93F;&#x91F;&#x915;&#x932; &#x91F;&#x94D;&#x930;&#x92C;&#x932;&#x936;&#x942;&#x91F;&#x93F;&#x902;&#x917;/&#x930;&#x93F;&#x92A;&#x947;&#x92F;&#x930;&#x93F;&#x902;&#x917;</subfield>
    <subfield code="c">&#x92E;&#x928;&#x939;&#x930; &#x932;&#x94B;&#x91F;&#x93F;&#x92F;&#x93E; &#x906;&#x926;&#x93F;</subfield>
  </datafield>
  <datafield tag="246" ind1=" " ind2=" ">
    <subfield code="a">Modren G. S.M .MobylePhon practical trabalshuting</subfield>
  </datafield>
  <datafield tag="260" ind1=" " ind2=" ">
    <subfield code="a">&#x928;&#x908; &#x926;&#x93F;&#x932;&#x94D;&#x932;&#x940;</subfield>
    <subfield code="b">&#x92C;&#x940; &#x92A;&#x940; &#x92C;&#x940; &#x92A;&#x92C;&#x94D;&#x932;&#x93F;&#x915;&#x947;&#x936;&#x928;&#x94D;&#x938;</subfield>
    <subfield code="c">2006</subfield>
  </datafield>
  <datafield tag="270" ind1=" " ind2=" ">
    <subfield code="a">&#x92C;&#x940;-14,&#x915;&#x928;&#x93E;&#x91F; &#x92A;&#x94D;&#x932;&#x947;&#x938;</subfield>
    <subfield code="b">&#x928;&#x908; &#x926;&#x93F;&#x932;&#x94D;&#x932;&#x940;</subfield>
  </datafield>
  <datafield tag="300" ind1=" " ind2=" ">
    <subfield code="a">iv,183&#x92A;&#x943;</subfield>
    <subfield code="c">24 &#x938;&#x947;&#x92E;&#x940; (&#x938;&#x91C;&#x93F;&#x932;&#x94D;&#x926;</subfield>
  </datafield>
  <datafield tag="700" ind1=" " ind2=" ">
    <subfield code="a">&#x91F;&#x93E;&#x902;&#x915;, &#x936;&#x948;&#x932;&#x947;&#x937;</subfield>
  </datafield>
  <datafield tag="700" ind1=" " ind2=" ">
    <subfield code="a">&#x928;&#x93E;&#x92F;&#x930;, &#x92A;&#x94D;&#x930;&#x926;&#x940;&#x92A;</subfield>
  </datafield>
  <datafield tag="700" ind1=" " ind2=" ">
    <subfield code="a">&#x905;&#x917;&#x94D;&#x930;&#x935;&#x93E;&#x932;, &#x92E;&#x939;&#x947;&#x936;</subfield>
  </datafield>
  <datafield tag="942" ind1=" " ind2=" ">
    <subfield code="a">dpl</subfield>
    <subfield code="c">HN</subfield>
    <subfield code="k">621.384560288 / &#x92E;&#x93E;&#x901;&#x921;&#x930;&#x94D;&#x928;</subfield>
    <subfield code="2">ddc</subfield>
    <subfield code="h">621.384560288</subfield>
    <subfield code="m">&#x92E;&#x93E;&#x901;&#x921;&#x930;&#x94D;&#x928;</subfield>
  </datafield>
  <datafield tag="999" ind1=" " ind2=" ">
    <subfield code="c">1293</subfield>
    <subfield code="d">1293</subfield>
  </datafield>
  <datafield tag="952" ind1=" " ind2=" ">
    <subfield code="0">0</subfield>
    <subfield code="1">0</subfield>
    <subfield code="4">0</subfield>
    <subfield code="7">1</subfield>
    <subfield code="8">NFIC</subfield>
    <subfield code="a">DBAD</subfield>
    <subfield code="b">DBAD</subfield>
    <subfield code="d">2008-09-08</subfield>
    <subfield code="g">99.00</subfield>
    <subfield code="l">0</subfield>
    <subfield code="o">621.384560288 &#x92E;&#x93E;&#x901;&#x921;&#x930;&#x94D;&#x928;</subfield>
    <subfield code="p">HN-51497</subfield>
    <subfield code="r">2008-09-15 00:00:00</subfield>
    <subfield code="t">1</subfield>
    <subfield code="u">1359</subfield>
    <subfield code="v">99.00</subfield>
    <subfield code="w">2008-09-15</subfield>
    <subfield code="y">HN</subfield>
  </datafield>
</record>
